000 00489nam a22001817a 4500
999 _c4054
_d4054
003 GBCCL
005 20241126110509.0
008 180110b xxu||||| |||| 00| 0 eng d
020 _a0805453253
040 _cgbc
082 _a248.83
_bHER
100 _aHerring, Clyde Lee
_94559
245 _aIf God talked out loud... /
_cClyde Lee Herring
260 _bBroadman press,
_aNashville:
_c1977
300 _a138 p.;
_bill.,
_c20 cm.
650 _aChristian life
_vYouth
_97817
942 _2ddc
_cBK